000 00421nam a2200169 a 4500
001 0000-9418
003 ELIB.Books
008 110520 1971
035 _a(ELIB.Books)0000-9570
082 _aFic
_bSch
100 _aSchonell, Fred J
245 _aWide Range Readers
260 _bEdinburgh: Oliver and Boyd Limited
_c1971
650 _aFiction
942 _2ddc
_cBK
998 _cbat
_e2011-05-20
999 _c9418
_d9418